Statystyki dla Top 5 najmniej zaludnionych państw Ameryki Południowej

Kliknij tutaj aby rozwiązać quiz!

Ogólne statystyki

  • Ten quiz został rozwiązany 196 razy
  • Średni wynik to 5 z 5

Statystyki odpowiedzi

LudnośćPaństwo% Poprawnych
6 459 000Paragwaj
96%
3 308 000Urugwaj
96%
744 000Gujana
88%
491 000Surinam
87%
10 118 000Boliwia
84%

Rozkład punktacji

Percentyl według liczby udzielonych odpowiedzi

Procent ludzi z każdym wynikiem

Twoja historia wyników

Nie rozwiązałeś tego quizu